02055cam a22003854i 4500003000900000005001700009008004100026020001500067020001800082035002000100040003300120082002100153100003200174245008900206264005300295300003800348336002100386337002500407338002300432504004000455505099200495526001001487526001001497526001001507526001001517526000801527526000801535526000801543526000801551526000801559526000801567526000801575650005501583650003101638PE-LiUPU20250731172907.0 s2004 miu rb 000 0 eng d a0801031036 a9780801031038 a(Sirsi) a166686 aPE-LiUPUbspacPE-LiUPUerda04a229.061bD372211 aDe Silva, David A.,eautor.10aIntroducing the Apocrypha :bmessage, context, and significance /cDavid A. deSilva. 1aGrand Rapids, Michigan :bBaker Academic,c2004. a428 páginas ;c24 centímetros atext2rdacontent aunmediated2rdamedia avolume2rdacarrier aBibliografía : páginas 381-395.0 a1. the value of the apocrypha -- 2. Historical context: "The yoke of the Gentiles" -- 3. Tobit: "Better is almsgiving with justice" -- 4. Judith: "hear me also, a widow" -- 5. Additions to Esther: "The aid of the all-seeing God and savior" -- 6. Wisdom of Solomon: "the righteous live forever" -- 7. Wisdom of Ben Sira: "in all wisdom there is the doing of the Torah" -- 8. Baruch: "return with tenfold zeal to God" -- 9. Letter of Jeremiah: "They are not Gods, so do not fear them" -- 10. Additions to Daniel: "Let them know that you alone are God" -- 11. 1 Maccabees: "the family through which deliverance was given" -- 12. 2 Maccabees: "there is some power of God about the place" -- 13. 1 Esdras: "leave to us a root and a name" -- 14. Prayer of Manasseh: "the God of those who repent" -- Psalm 151: "he made me shepherd of his flock" -- 3 Maccabees: "blessed be the deliverer of Israel" -- 17. 2 Esdras: "the mighty one has not forgotten" -- 18. 4 Maccabees: "noble is the contest". aSEG42 aSEG41 aSEG40 aSEG39 aP94 aP87 aP86 aP85 aP77 aP76 aP3504aBiblia.pApócrifosxCrítica, interpretación,04aLibros deuterocanónicos.